| Tag |
First Indicator |
Second Indicator |
Subfields |
| LEADER |
00000cam a2200000 a 4500 |
| 001 |
in00000891771 |
| 005 |
20150923140931.0 |
| 007 |
hd afa013baca |
| 007 |
hd bfa013baaa |
| 008 |
850718s1687 miu a 00000 eng d |
| 035 |
|
|
|a (OCoLC)12277327
|
| 035 |
|
|
|9 AEL4740AM
|
| 037 |
|
|
|a CL0037000053
|b University Microfilms International.
|
| 037 |
|
|
|b University Microfilms International, 300 N. Zeeb Rd., Ann Arbor, MI 48106
|
| 040 |
|
|
|a EAI
|c EAI
|d OCL
|d m/c
|d UtOrBLW
|
| 041 |
1 |
|
|a eng
|h fre
|h ita
|
| 049 |
|
|
|a TXAI
|
| 090 |
|
|
|a BX4700.M37
|b P82
|
| 099 |
|
|
|a film
|a B
|a 3609
|
| 100 |
1 |
|
|a Puccini, Vincenzio.
|
| 240 |
1 |
0 |
|a Vita della veneranda Madre suor Maria Maddalena deṔazzi.
|l English
|
| 245 |
1 |
4 |
|a The life of St. Mary Magdalene of Pazzi, a Carmelite nunn /
|c newly translated out of Italian by the Reverend Father Lezin de Sainte Scholastique, Provincial of the Reformed Carmelites of Touraine ; and now done out of the French, with a preface concerning the nature, causes, concomitants and consequences of ecstasy and rapture, and a brief discourse added about discerning and trying the spirits, whether they be of God.
|
| 264 |
|
3 |
|a London :
|b Printed, and are to be sold by Randall Taylor ...,
|c 1687.
|
| 300 |
|
|
|a 2 unnumbered pages, 134 pages, 1 unnumbered page
|
| 336 |
|
|
|a text
|b txt
|2 rdacontent
|
| 337 |
|
|
|a microform
|b h
|2 rdamedia
|
| 338 |
|
|
|a microfilm reel
|b hd
|2 rdacarrier
|
| 500 |
|
|
|a English translation attributed to Thomas Smith by NUC pre-1956 imprints.
|
| 500 |
|
|
|a Title page bears imprint information of the French translation: At Paris : For Sebast. Cramoisy in St. Jame's Street, at the sign of Fame, 1670.
|
| 500 |
|
|
|a Errata: p [1] at end.
|
| 500 |
|
|
|a Reproduction of original in the University of Illinois Library.
|
| 510 |
4 |
|
|a Wing
|c P4158.
|
| 533 |
|
|
|a Microfilm.
|b Ann Arbor, Mich. :
|c University Microfilms International,
|d 1984.
|e 1 microfilm reel ; 35 mm.
|f (Early English books, 1641-1700 ; 1512:16)
|
| 500 |
|
|
|a Microform.
|
| 600 |
1 |
0 |
|a De' Pazzi, Maria Maddalena,
|c Saint,
|d 1566-1607.
|
| 700 |
1 |
|
|a Smith, Thomas,
|d 1638-1710.
|
| 830 |
|
0 |
|a Early English books, 1641-1700 ;
|v 1512:16.
|
| 999 |
|
|
|a MARS
|
| 999 |
f |
f |
|s d787699c-4322-33f8-9264-e9258952e936
|i a7ac84c1-9a39-3901-8fe4-297599641b1c
|t 0
|
| 952 |
f |
f |
|p default
|a Texas A&M University
|b College Station
|c Sterling C. Evans Library
|d Evans: Microforms (3rd floor)
|t 0
|e film B 3609 1512:16
|h Other scheme
|i microform -- microfilm reel
|
| 998 |
f |
f |
|a film B 3609 1512:16
|t 0
|l Evans: Microforms (3rd floor)
|